Plant biochemistry
Gorde:
| Egile Nagusiak: | , |
|---|---|
| Formatua: | Liburua |
| Hizkuntza: | ingelesa |
| Argitaratua: |
Nueva York
Academic Press
1965
|
| Gaiak: | |
| Etiketak: |
Etiketa erantsi
Etiketarik gabe, Izan zaitez lehena erregistro honi etiketa jartzen!
|
MARC
| LEADER | 00000nam a2200000 a 4500 | ||
|---|---|---|---|
| 001 | UCV7164 | ||
| 003 | CL-VaPUC | ||
| 008 | 890314e19650000US |||||||||||||||||eng|d | ||
| 082 | 0 | 4 | |a 581.19 |b BON |2 21 |
| 100 | 0 | |a Bonner, James |e author |9 301202 | |
| 700 | 0 | |a Varner, J. E |e author |9 301203 | |
| 245 | 1 | 0 | |a Plant biochemistry |
| 300 | |a 1054 p | ||
| 942 | |c BK | ||
| 945 | |d 19890314 00:00:00 | ||
| 260 | |a Nueva York |b Academic Press |c 1965 | ||
| 650 | 0 | |a Bioquímica vegetal |9 264262 | |
| 583 | |a last modification |c 19890314 00:00:00 |k Rodrigo Vera | ||
| 999 | |c 212889 |d 212887 | ||